| 000 | 00599nam a22002057a 4500 | ||
|---|---|---|---|
| 003 | OSt | ||
| 005 | 20220107122742.0 | ||
| 008 | 140426b xxu||||| |||| 00| 0 eng d | ||
| 020 | _a9788126508051 | ||
| 040 | _cIIITM-K | ||
| 082 | _a005.1 TIA/S | ||
| 100 |
_aTian, Jeff _94639 |
||
| 245 |
_aSoftware quality engineering: _bTesting, quality assurance and quantifiable improvement _cby Jeff Tian |
||
| 260 |
_aNew Delhi, _bWiley, _c2005. |
||
| 300 | _axxvi, 412p. | ||
| 650 |
_aCOMPUTER SCIENCE _94640 |
||
| 650 |
_aSOFTWARE ENGINEERING _94641 |
||
| 650 |
_aSOFTWARE TESTING _94642 |
||
| 942 |
_2ddc _cBK |
||
| 999 |
_c3985 _d3985 |
||